| 000 | 00869nam a2200229 a 4500 | ||
|---|---|---|---|
| 005 | 20260325064229.0 | ||
| 008 | 061108s2005 es r 000 eng d | ||
| 020 | _a8478273581 | ||
| 035 | _aUPN01000148911 | ||
| 049 | _aCG | ||
| 050 | 4 |
_aLA217.2 _bG7.4 |
|
| 100 | 1 | _aGreene, Maxine | |
| 245 | 1 | 0 |
_aLiberar la imaginación : _bensayos sobre educación, arte y cambio social / _cMaxine Greene ; tr. Albino Santos. |
| 260 |
_aBarcelona, Esp. : _bGraó, _c2005. |
||
| 300 | _a323 p. | ||
| 440 | 0 |
_aMicro-macro referencias ; _v5. _pFilosofía de la educación |
|
| 534 |
_pTitulo original : _tReleasing the imagination. Essays on education, the arts, and social change |
||
| 650 | 4 |
_aEscuelas públicas _zEstados Unidos _96164 |
|
| 650 | 4 |
_aEDUCACION - _xFINES Y OBJETIVOS - _zESTADOS UNIDOS _96163 |
|
| 650 | 4 |
_aReforma educativa _zEstados Unidos _91569 |
|
| 905 | _aLibro | ||
| 999 |
_c121052 _d121052 |
||